Teaching with Poverty in Mind: What Being Poor Does to Kids' Brains and what Schools Can do About It (Record no. 23710)

MARC details
000 -LEADER
fixed length control field 00695nam a22002057a 4500
003 - CONTROL NUMBER IDENTIFIER
control field OSt
005 - DATE AND TIME OF LATEST TRANSACTION
control field 20260609153646.0
008 - FIXED-LENGTH DATA ELEMENTS--GENERAL INFORMATION
fixed length control field 260609b |||||||| |||| 00| 0 eng d
020 ## - INTERNATIONAL STANDARD BOOK NUMBER
International Standard Book Number 9781416608844
040 ## - CATALOGING SOURCE
Transcribing agency Chuka University Library
050 ## - LIBRARY OF CONGRESS CALL NUMBER
Classification number LC 4091 .J4 2009
100 ## - MAIN ENTRY--PERSONAL NAME
Personal name Jensen, Eric
9 (RLIN) 28049
245 ## - TITLE STATEMENT
Title Teaching with Poverty in Mind: What Being Poor Does to Kids' Brains and what Schools Can do About It
260 ## - PUBLICATION, DISTRIBUTION, ETC.
Place of publication, distribution, etc. Alexandria
Name of publisher, distributor, etc. ASCD
Date of publication, distribution, etc. 2009
300 ## - PHYSICAL DESCRIPTION
Extent Various Paging
Other physical details Illustrated
650 ## - SUBJECT ADDED ENTRY--TOPICAL TERM
Topical term or geographic name entry element Poor Children-Education-United States
9 (RLIN) 28050
650 ## - SUBJECT ADDED ENTRY--TOPICAL TERM
Topical term or geographic name entry element Poverty-United States
9 (RLIN) 28051
650 ## - SUBJECT ADDED ENTRY--TOPICAL TERM
Topical term or geographic name entry element Educational Equalization-United States
9 (RLIN) 28052
942 ## - ADDED ENTRY ELEMENTS (KOHA)
Source of classification or shelving scheme Library of Congress Classification
Koha item type Long Loan Books
Suppress in OPAC No
Holdings
Withdrawn status Lost status Source of classification or shelving scheme Damaged status Not for loan Collection Home library Current library Shelving location Date acquired Source of acquisition Cost, normal purchase price Total Checkouts Full call number Barcode Date last seen Price effective from Koha item type
    Library of Congress Classification     General Collection Books Main Campus Library Main Campus Library General Stacks 09/06/2026 Donation from Books for Africa 1986.05   LC 4091 .J4 2009 33682/2026 09/06/2026 09/06/2026 Long Loan Books

Powered by Koha